000 00756nam a22002177a 4500
003 OSt
005 20230112132103.0
008 230112b |||||||| |||| 00| 0 eng d
040 _cBiblioteca Lado V
082 _a708
_bB465j
100 _9511
_aBenezra, Neal
_ecurador
245 _aJuan Muñoz/
260 _aNew York
_bHirshhorn Museum
_bSculpture Garden
_c2001
300 _a220p.
_c25x30cm
650 _2Tesauro de Arte & Arquitectura
_aARTE VISUAL
650 _2Tesauro de Arte & Arquitectura
_aESCULTURA
650 _2Tesauro de Arte & Arquitectura
_aPINTURA
650 _2Tesauro de Arte & Arquitectura
_aARTE LATINO
710 _aThe Art Institute of Chicago
_ecurador
942 _2ddc
_c1
_h708
_iB465j
_n0
_eprimera edición
999 _c2752
_d2752